Účasť SR na rozhodovacích procesoch EÚ v oblasti spoločnej obchodnej politiky
Vstupom do Európskej únie odovzdanie takmer všetkých kompetencií Slovenskej republiky pri vytváraní zahraničnoobchodnej politiky do rúk inštitúcií Únie. Rozhodovacie procesy na komunitárnej úrovni. Osobitosti rozhodovacích procesov v záležitostiach ES/EÚ na národnej úrovni. Priebeh rozhodovacieho p...
Enregistré dans:
| Auteur principal: | |
|---|---|
| Format: | Chapitre de livre |
| Langue: | slovaque |
| Sujets: | |
| Tags: |
Pas de tags, Soyez le premier à ajouter un tag!
|
MARC
| LEADER | 00000naa$a2200000$$$4500 | ||
|---|---|---|---|
| 001 | 0055340 | ||
| 005 | 20240502083138.1 | ||
| 041 | 0 | |a slo | |
| 044 | |a CZ | ||
| 245 | 1 | 0 | |a Účasť SR na rozhodovacích procesoch EÚ v oblasti spoločnej obchodnej politiky |c Zuzana Silná |
| 520 | |a Vstupom do Európskej únie odovzdanie takmer všetkých kompetencií Slovenskej republiky pri vytváraní zahraničnoobchodnej politiky do rúk inštitúcií Únie. Rozhodovacie procesy na komunitárnej úrovni. Osobitosti rozhodovacích procesov v záležitostiach ES/EÚ na národnej úrovni. Priebeh rozhodovacieho procesu na národnej úrovni v podmienkach SR. Procesy na pôde vlády SR a na pôde NR SR. | ||
| 610 | 2 | 0 | |a parlamenty |
| 610 | 2 | 0 | |a Slovensko |
| 610 | 2 | 0 | |a Európska únia |
| 610 | 2 | 0 | |a vláda |
| 610 | 2 | 0 | |a rozhodovanie |
| 610 | 2 | 0 | |a politika obchodná |
| 100 | 1 | |a Silná, Zuzana | |